00366nam a2200157Ia 450000100060000000800410000602000190004704000130006608200190007910000160009824500370011425000080015126000310015930000110019054600070020128690140415s9999 xx 000 0 und d a1-800-423-0563 cPK-LaUMT a 153.15bCHA-L aPaul Chance aLearning & behaviorcPaul Chance a5th aAustralia:bThomson,c2003 a505 p. aEN